|
|
|
|
| LEADER |
01503cas a2200241 a 4500 |
| 001 |
AALejournalIMF019779 |
| 008 |
230101c9999 xx r poo 0 0eng d |
| 020 |
|
|
|c 5.00 USD
|
| 020 |
|
|
|z 9781498330916
|
| 022 |
|
|
|a 2663-3493
|
| 040 |
|
|
|a BD-DhAAL
|c BD-DhAAL
|
| 110 |
2 |
|
|a International Monetary Fund.
|
| 245 |
1 |
0 |
|a Using the Government Finance Statistics Manual 2001 (GFSM 2001) Statistical Framework to Strengthen Fiscal Analysis in the Fund.
|
| 264 |
|
1 |
|a Washington, D.C. :
|b International Monetary Fund,
|c 2005.
|
| 300 |
|
|
|a 1 online resource (42 pages)
|
| 490 |
1 |
|
|a Policy Papers
|
| 500 |
|
|
|a <strong>Off-Campus Access:</strong> No User ID or Password Required
|
| 500 |
|
|
|a <strong>On-Campus Access:</strong> No User ID or Password Required
|
| 506 |
|
|
|a Electronic access restricted to authorized BRAC University faculty, staff and students
|
| 520 |
3 |
|
|a This paper responds to the Board's call for greater consistency in fiscal reporting in line with GFSM 2001. In this context, the paper summarizes the framework, reviews the implementation process of the GFSM 2001 framework by member countries and Fund staff, and proposes pilot studies. It seeks the support of the Board for gradual adoption of the framework as the basis for fiscal analysis in Fund staff reports.
|
| 538 |
|
|
|a Mode of access: Internet
|
| 830 |
|
0 |
|a Policy Papers; Policy Paper ;
|v No. 2005/082
|
| 856 |
4 |
0 |
|z Full text available on IMF
|u http://elibrary.imf.org/view/journals/007/2005/082/007.2005.issue-082-en.xml
|z IMF e-Library
|